| 000 | 01949cam a2200397 a 4500 | ||
|---|---|---|---|
| 001 | 7757 | ||
| 003 | BD-DhEWU | ||
| 005 | 20141203114715.0 | ||
| 008 | 941109s1996 ilua g b 001 0 eng d | ||
| 010 | _a 94044907 | ||
| 020 | _a0256091285 | ||
| 020 | _a9780256091281 | ||
| 035 | _a(OCoLC)31607360 | ||
| 040 |
_aDLC _cDLC _dDLC _dBD-DhEWU _beng |
||
| 041 | _aeng | ||
| 050 | 0 | 0 |
_aHD45 _b.B799 1996 |
| 082 | 0 | 0 |
_a658.514 _bBUS 1996 |
| 100 | 1 |
_aBurgelman, Robert A. _918863 |
|
| 245 | 1 | 0 |
_aStrategic management of technology and innovation / _cRobert A. Burgelman, Modesto A. Maidique, Steven C. Wheelwright. |
| 250 | _a2nd ed. | ||
| 260 |
_aChicago : _bIrwin, _cc1996. |
||
| 300 |
_axiv, 923 p. : _bill. ; _c27 cm. |
||
| 500 | _aOnline version: Burgelman, Robert A. Strategic management of technology and innovation. Chicago : Irwin, ©1996 (OCoLC)654693902 | ||
| 504 | _aIncludes bibliographical references and indexes. | ||
| 505 |
_tTOC _aIntroduction : integrating technology and strategy -- Design and evolution of technology strategy -- Enactment of technology strategy : developing the firm's innovative capabilities -- Enactment of technology strategy : creating and implementing a development strategy -- Conclusion : innovation challenges in established firms. |
||
| 520 | _aSummary: A combination of text and cases on technology and innovation, which includes a new section on new products and business, and a number of new cases. | ||
| 526 | _aBA | ||
| 590 | _aTahur Ahmed | ||
| 650 | 0 |
_aTechnological innovations _xManagement. _918864 |
|
| 650 | 0 |
_aNew products _xManagement. _918865 |
|
| 650 | 0 |
_aHigh technology industries _xManagement. _918866 |
|
| 700 | 1 |
_aMaidique, Modesto A. _918867 |
|
| 700 | 1 |
_aWheelwright, Steven C., _d1943- _93425 |
|
| 856 | 4 | 2 |
_3WorldCat details _uhttp://www.worldcat.org/title/strategic-management-of-technology-and-innovation/oclc/31607360&referer=brief_results |
| 942 |
_2ddc _cTEXT |
||
| 999 |
_c7757 _d7757 |
||